00525nam a2200169 a 4500008004100000020001800041050001600059100002100075245010400096250001200200260003000212300003300242350001100275650002600286700002000312700002300332160721s2008 ||||||||||||||||| || u a9780071266758 aHG 4026 Bre aMyers, Stewart C10aPrinciples of corporate finance. (9th ed.)cBy Richard A. Brealey: Stewart C. Myers: Franklin Allen a9th ed. aBostonbMcGraw-Hillc2008 axxvii, various pagings.: ill a121.00 aCORPORATIONS--FINANCE aAllen, Franklin aBrealey, Richard A